| 000 -LEADER |
| fixed length control field |
00442nam a2200121 4500 |
| 082 ## - DEWEY DECIMAL CLASSIFICATION NUMBER |
| Classification number |
TNC K18x5471 K527 |
| 100 ## - MAIN ENTRY--PERSONAL NAME |
| Personal name |
Khan, Mohammad Mohabbat and Zafarullah, Habib Mohammad. |
| 9 (RLIN) |
22538 |
| 245 ## - TITLE STATEMENT |
| Title |
Politics and bureaucracy in a new nation Bangladesh |
| 260 ## - PUBLICATION, DISTRIBUTION, ETC. (IMPRINT) |
| Place of publication, distribution, etc |
Bangladesh |
| Name of publisher, distributor, etc |
Center for administrative studies |
| Date of publication, distribution, etc |
1980 |
| 300 ## - PHYSICAL DESCRIPTION |
| Extent |
259p. |
| 650 ## - SUBJECT ADDED ENTRY--TOPICAL TERM |
| Topical term or geographic name as entry element |
Bureaucracy - Bangladesh |
| 9 (RLIN) |
22539 |
| 650 ## - SUBJECT ADDED ENTRY--TOPICAL TERM |
| Topical term or geographic name as entry element |
Bangladesh - Politics and government |
| 9 (RLIN) |
22540 |